[Event "Xtracon DM-klassen"]
[Site "Helsingor"]
[Date "2012.03.31"]
[Round "1"]
[White "Hansen, Sune Berg"]
[Black "Carstensen, Jacob"]
[Result "1-0"]
[WhiteElo "2572"]
[BlackElo "2314"]

1. d4 Nf6 2. c4 e6 3. Nc3 Bb4 4. Qc2 O-O 5. a3 Bxc3+ 6. Qxc3 d5 7. Bg5 
dxc4 8. Qxc4 b6 9. Nf3 Ba6 10. Qa4 Qd5 11. Bxf6 gxf6 12. Rc1 Rc8 13. e3 
Bxf1 14. Rxf1 Nd7 15. Qc6 Qxc6 16. Rxc6 Nb8 17. Rc3 a5 18. Ke2 Na6 19. 
Rfc1 Kf8 20. Ne1 Ke7 21. Nd3 Kd7 22. g4 Rg8 23. Kf3 Rg5 24. h4 Rb5 25. Kg3
Ke7 26. R1c2 Kf8 27. e4 a4 28. Rc4 Rb3 29. R2c3 Rxc3 30. bxc3 b5 31. Rc6 
Ke7 32. g5 Ra7 33. gxf6+ Kxf6 34. Nf4 Ke7 35. d5 Kd7 36. Nd3 Nb8 37. Rc5 
Rb7 38. dxe6+ Kxe6 39. Rh5 Nd7 1-0

[Event "Xtracon DM-klassen"]
[Site "Helsingor"]
[Date "2012.03.31"]
[Round "1"]
[White "Aagaard, Jacob"]
[Black "Pilgaard, Kim"]
[Result "1-0"]
[WhiteElo "2522"]
[BlackElo "2424"]

1. e4 e5 2. Nf3 Nc6 3. Bb5 a6 4. Ba4 Nf6 5. O-O Be7 6. d3 b5 7. Bb3 d6 8. 
c3 O-O 9. Nbd2 Na5 10. Bc2 c5 11. d4 cxd4 12. cxd4 Nc6 13. Nb3 Bg4 14. d5 
Na5 15. Nxa5 Qxa5 16. h3 Bxf3 17. Qxf3 Rfc8 18. Qe2 Nd7 19. Be3 Qb4 20. 
Rab1 Rc7 21. Rfc1 Rac8 22. Qd1 h6 23. a3 Qa5 24. Ra1 Rb7 25. b4 Qd8 26. 
Bd3 Bg5 27. Bxg5 hxg5 28. a4 Rxc1 29. Qxc1 bxa4 30. Rxa4 Nb8 31. Qa3 Qb6 
32. Bxa6 Nxa6 33. Rxa6 Qd4 34. Ra8+ Kh7 35. Qf3 1-0

[Event "Xtracon DM-klassen"]
[Site "Helsingor"]
[Date "2012.03.31"]
[Round "1"]
[White "Kristiansen, Jens"]
[Black "Rasmussen, Allan Stig"]
[Result "1-0"]
[WhiteElo "2432"]
[BlackElo "2505"]

1. e4 c6 2. d4 d5 3. Nc3 dxe4 4. Nxe4 Nd7 5. Bc4 Ngf6 6. Nxf6+ Nxf6 7. Nf3
Bf5 8. Ne5 e6 9. g4 Bg6 10. h4 Bd6 11. Qe2 Be4 12. f3 Bd5 13. Bd3 b5 14. 
a4 b4 15. c4 bxc3 16. bxc3 c5 17. Bb5+ Ke7 18. c4 Bb7 19. Ba3 Rc8 20. dxc5
Qa5+ 21. Kf2 Bxc5+ 22. Bxc5+ Rxc5 23. Rhd1 a6 24. g5 axb5 25. gxf6+ gxf6 
26. Rd7+ Ke8 27. Rxb7 Rxe5 28. Qd3 Kf8 29. Rg1 bxc4 30. Qd6+ 1-0

[Event "Xtracon DM-klassen"]
[Site "Helsingor"]
[Date "2012.03.31"]
[Round "1"]
[White "Pedersen, Christian Kyndel"]
[Black "Schandorff, Lars"]
[Result "1/2-1/2"]
[WhiteElo "2416"]
[BlackElo "2494"]

1. e4 e5 2. Nf3 Nc6 3. Bb5 Nf6 4. O-O Nxe4 5. d4 Nd6 6. Bxc6 dxc6 7. dxe5 
Nf5 8. Qxd8+ Kxd8 9. Nc3 Bd7 10. h3 b6 11. b3 Kc8 12. Bb2 h5 13. Rad1 Be7 
14. Ne2 a5 15. a4 c5 16. Nf4 c4 17. e6 Bxe6 18. Nxe6 fxe6 19. Rfe1 cxb3 
20. cxb3 Rf8 21. Rxe6 Bc5 22. Be5 Nh4 23. Nxh4 Bxf2+ 24. Kh2 Bxh4 25. Bxg7
Rf7 26. Be5 Kb7 27. g3 Rd8 1/2-1/2

[Event "Xtracon DM-klassen"]
[Site "Helsingor"]
[Date "2012.03.31"]
[Round "1"]
[White "Antonsen, Mikkel"]
[Black "Ziska, Helgi Dam"]
[Result "1/2-1/2"]
[WhiteElo "2457"]
[BlackElo "2456"]

1. d4 Nf6 2. c4 g6 3. Nc3 Bg7 4. e4 d6 5. f3 O-O 6. Be3 c5 7. Nge2 Qa5 8. 
Nc1 cxd4 9. Nb3 Qh5 10. Nxd4 Nc6 11. Be2 Qh4+ 12. g3 Qh3 13. Kf2 Nxd4 14. 
Bxd4 Bd7 15. Rc1 Bc6 16. b4 b6 17. Be3 Rac8 1/2-1/2

[Event "Xtracon DM-klassen"]
[Site "Helsingor"]
[Date "2012.04.01"]
[Round "2"]
[White "Aagaard, Jacob"]
[Black "Hansen, Sune Berg"]
[Result "1/2-1/2"]
[WhiteElo "2522"]
[BlackElo "2572"]

1. e4 e5 2. Nf3 Nc6 3. d4 exd4 4. Nxd4 Nf6 5. Nxc6 bxc6 6. e5 Qe7 7. Qe2 
Nd5 8. c4 Nb6 9. Nc3 Bb7 10. Bd2 O-O-O 11. O-O-O Re8 12. Re1 Qe6 13. f4 
Be7 14. Qf2 f5 15. exf6 Qxf6 16. c5 Nd5 17. Ne4 Qf8 18. Bc4 Kb8 19. g4 Nf6
20. g5 Nxe4 21. Rxe4 d5 22. cxd6 Bxd6 23. Rxe8+ Qxe8 24. Re1 Qh5 25. f5 
Rf8 26. f6 gxf6 27. gxf6 c5 28. f7 Bd5 29. Re8+ Kb7 30. Bxd5+ Qxd5 31. Qe2
a6 32. Rxf8 Bxf8 33. Qe8 Qc4+ 34. Bc3 Qf4+ 35. Bd2 1/2-1/2

[Event "Xtracon DM-klassen"]
[Site "Helsingor"]
[Date "2012.04.01"]
[Round "2"]
[White "Rasmussen, Allan Stig"]
[Black "Pedersen, Christian Kyndel"]
[Result "1/2-1/2"]
[WhiteElo "2505"]
[BlackElo "2416"]

1. e4 c5 2. Nf3 d6 3. d4 cxd4 4. Nxd4 Nf6 5. Nc3 a6 6. Be3 e6 7. Qf3 Nc6 
8. h3 Nxd4 9. Bxd4 e5 10. Be3 Be6 11. g4 Rc8 12. g5 Nd7 13. h4 b5 14. a3 
Nb6 15. Bxb6 Qxb6 16. Bh3 Qb7 17. O-O-O Be7 18. Bxe6 fxe6 19. Qh5+ Kd7 20.
 Qf7 Rhe8 21. Qxg7 Kc7 22. Qxh7 Kb8 23. Kb1 b4 24. axb4 Qxb4 25. Rh3 Ka8 
26. Qf7 Rb8 27. b3 Bf8 28. Qd7 Rec8 29. Kb2 Rc5 30. Ra1 Qb6 31. g6 Rbc8 
32. g7 Bxg7 33. Qxg7 Rxc3 34. Rxc3 Rxc3 35. Rxa6+ Qxa6 36. Kxc3 Qa1+ 37. 
Kb4 Qd4+ 38. Ka3 Qa1+ 39. Kb4 Qd4+ 40. Kb5 Qc5+ 41. Ka4 Qc6+ 42. Ka3 Qc5+ 
43. Kb2 Qd4+ 44. Ka2 Qxf2 45. Kb1 Qe1+ 46. Kb2 Qxh4 47. Qg8+ Kb7 48. Qxe6 
Qxe4 49. Qd7+ Ka8 50. Qxd6 Qe1 51. b4 e4 52. Qc6+ Kb8 53. Qc3 Qe2 54. Qe5+
Kb7 55. Qd5+ Kb8 56. b5 Qe1 57. Qd6+ Kb7 58. Qc6+ Kb8 59. Qc3 Qe2 60. Qc5 
Qg2 61. Qd6+ Kb7 62. Qd7+ Kb6 63. Qc6+ Ka5 64. Kc3 Qg7+ 65. Kc4 Qa7 66. c3
Qf7+ 67. Kd4 Qf2+ 68. Kxe4 Qe2+ 69. Kd4 Qd2+ 70. Kc4 Qe2+ 71. Kc5 Qe5+ 72.
 Kc4 Qe2+ 73. Kd4 Qd2+ 74. Ke5 Qg5+ 75. Ke4 Qg2+ 76. Ke3 Qg5+ 77. Kd3 Qf5+
78. Qe4 Qxb5+ 79. c4 Qb3+ 80. Kd4 Qb2+ 81. Kd5 Qb7+ 82. Ke5 Qb8+ 83. Kf6 
Qd8+ 84. Kf7 Qd7+ 85. Kg6 Kb4 86. Qd5 Qxd5 87. cxd5 Kc5 88. Kf6 Kxd5 
1/2-1/2

[Event "Xtracon DM-klassen"]
[Site "Helsingor"]
[Date "2012.04.01"]
[Round "2"]
[White "Ziska, Helgi Dam"]
[Black "Kristiansen, Jens"]
[Result "0-1"]
[WhiteElo "2456"]
[BlackElo "2432"]

1. Nf3 f5 2. d3 Nc6 3. e4 e5 4. Nc3 Nf6 5. Nd5 d6 6. Bg5 Be7 7. Nxe7 Qxe7 
8. exf5 Bxf5 9. Be2 O-O 10. O-O h6 11. Be3 Nd5 12. Nd2 Be6 13. Bf3 Nf4 14.
 Ne4 Rf7 15. g3 Nh3+ 16. Kg2 Qd7 17. Bh5 Rff8 18. f4 exf4 19. gxf4 Ne7 20.
 Qf3 g6 21. f5 Bxf5 22. Qg3 Kh7 23. Rxf5 Qxf5 24. Bg4 Nf4+ 25. Kh1 Qe5 26.
 Bd2 Nh5 27. Qe3 Ng8 28. Bc3 Qd5 29. Be6 Qc6 30. Qd4 Ngf6 31. Rf1 Rae8 32.
 Bb3 Re5 33. Kg1 Nxe4 34. Rxf8 Nxc3 35. bxc3 Rg5+ 36. Kf2 Qg2+ 37. Ke1 
Re5+ 38. Qxe5 dxe5 39. Rf7+ Ng7 0-1

[Event "Xtracon DM-klassen"]
[Site "Helsingor"]
[Date "2012.04.01"]
[Round "2"]
[White "Pilgaard, Kim"]
[Black "Schandorff, Lars"]
[Result "1/2-1/2"]
[WhiteElo "2424"]
[BlackElo "2494"]

1. e4 e5 2. d4 exd4 3. Nf3 Nc6 4. Bc4 Bc5 5. O-O d6 6. c3 Bg4 7. Qb3 Bxf3 
8. Bxf7+ Kf8 9. Bxg8 Rxg8 10. gxf3 dxc3 11. Nxc3 Nd4 12. Qd1 Qf6 13. f4 
Re8 14. Kh1 Qh4 15. f3 Qh3 16. b4 Bb6 17. Nd5 Nc6 18. Bb2 Ne7 19. Nxb6 
axb6 20. Rc1 Qd7 21. Qd2 Nc6 22. Rg1 Re7 23. b5 Nd8 24. a4 Qh3 25. Rg3 Qh6
26. Bd4 Ne6 27. Be3 Nc5 28. f5 Qh5 29. Rcg1 Nd7 30. Qg2 Qf7 31. Bg5 Nf6 
32. Qb2 Re5 33. f4 Nxe4 34. fxe5 Qd5 35. R3g2 Nxg5 36. exd6 cxd6 37. Rf1 
Ne4 38. Qa2 Qxa2 39. Rxa2 Kf7 40. a5 bxa5 41. Rxa5 Re8 42. Ra7 Re7 43. Rc1
Nc5 44. Rd1 Ne4 45. Rc1 Nc5 46. Rd1 1/2-1/2

[Event "Xtracon DM-klassen"]
[Site "Helsingor"]
[Date "2012.04.01"]
[Round "2"]
[White "Carstensen, Jacob"]
[Black "Antonsen, Mikkel"]
[Result "1/2-1/2"]
[WhiteElo "2314"]
[BlackElo "2457"]

1. d4 Nf6 2. c4 g6 3. Nc3 d5 4. cxd5 Nxd5 5. Bd2 Bg7 6. e4 Nb6 7. Be3 O-O 
8. h3 e5 9. Nf3 exd4 10. Bxd4 Qe7 11. Bxg7 Kxg7 12. Qd4+ f6 13. Be2 Nc6 
14. Qe3 Be6 15. O-O a6 16. Rfd1 Rad8 17. b3 Bf7 18. Nh2 g5 19. Nf1 Qe5 20.
 Ng3 Kh8 21. Rxd8 Rxd8 22. Rf1 Qf4 23. Qc5 Qe5 24. Qe3 Qf4 25. Qc5 Qd6 26.
 Qe3 Qd2 27. Qf3 Qf4 28. Qxf4 gxf4 29. Nh5 f3 30. Bxf3 Rd3 31. Nd5 Rxf3 
32. gxf3 Bxh5 33. Nxf6 Bxf3 34. Re1 Ne5 35. Kh2 Nbd7 36. Nxd7 Nxd7 37. Kg3
Bh5 38. f4 Kg7 39. e5 Kg6 40. Kh4 Bf3 41. Rg1+ Kf7 42. Kg5 Ke6 43. Re1 h6+
44. Kxh6 Kf5 45. Kg7 Nc5 46. Kf7 Ne6 47. Ke7 Nxf4 48. Kd7 Bc6+ 49. Kxc7 
Nxh3 50. e6 Ng5 51. e7 Ne6+ 52. Kb6 Ng7 53. e8=Q Nxe8 54. Rxe8 Bxe8 55. 
Kxb7 Bb5 1/2-1/2

[Event "Xtracon DM-klassen"]
[Site "Helsingor"]
[Date "2012.04.02"]
[Round "3"]
[White "Hansen, Sune Berg"]
[Black "Pilgaard, Kim"]
[Result "1/2-1/2"]
[WhiteElo "2572"]
[BlackElo "2424"]

1. d4 Nf6 2. c4 g6 3. Nc3 d5 4. Nf3 Bg7 5. Qb3 dxc4 6. Qxc4 O-O 7. e4 Nc6 
8. Be2 Bg4 9. d5 Na5 10. Qb4 Bxf3 11. Bxf3 c6 12. O-O Qb6 13. Qa4 Nd7 14. 
g3 Rfd8 15. Rd1 Rac8 16. Bg4 Nc5 17. Qc2 e6 18. Bg5 Re8 19. dxe6 Nxe6 20. 
Bxe6 Rxe6 21. Rac1 Rce8 22. b3 Qc7 23. Bf4 Qe7 24. Rd3 b6 25. Rcd1 Qc5 26.
 Qd2 Nb7 27. Na4 Qh5 28. Rd7 R6e7 29. Rxe7 Rxe7 30. Re1 Qh3 31. Nb2 Rd7 
32. Qc2 Nd8 33. Be3 c5 34. Nd3 Ne6 35. Qe2 Rd8 36. Rd1 Re8 37. Qf3 1/2-1/2

[Event "Xtracon DM-klassen"]
[Site "Helsingor"]
[Date "2012.04.02"]
[Round "3"]
[White "Kristiansen, Jens"]
[Black "Carstensen, Jacob"]
[Result "0-1"]
[WhiteElo "2432"]
[BlackElo "2314"]

1. e4 c5 2. d3 Nc6 3. g3 g6 4. Bg2 Bg7 5. Nc3 d6 6. Be3 Rb8 7. f4 e6 8. 
Nf3 Nge7 9. O-O O-O 10. Qd2 Nd4 11. Bf2 Nxf3+ 12. Bxf3 b5 13. a3 Nc6 14. 
Bg2 a5 15. e5 Nd4 16. Ne4 dxe5 17. fxe5 Bb7 18. Rae1 Bxe5 19. c3 Nb3 20. 
Qe3 Bg7 21. Qe2 b4 22. Qc2 bxc3 23. bxc3 a4 24. Be3 Bxe4 25. Bxe4 Qa5 26. 
c4 Nd4 27. Qc1 Rb2 28. Kh1 Nc2 29. d4 Nxe3 30. Qxb2 Nxf1 31. Rxf1 Bxd4 32.
 Qb7 Qc3 33. Qa6 Qe3 34. Bc6 Qd3 35. Rf3 Qe2 36. Qxa4 Rb8 37. Bb7 Qb2 38. 
Rb3 Qc2 39. Qb5 Rd8 40. Rf3 Qe2 41. Qb6 Bf6 42. Bd5 Rxd5 0-1

[Event "Xtracon DM-klassen"]
[Site "Helsingor"]
[Date "2012.04.02"]
[Round "3"]
[White "Schandorff, Lars"]
[Black "Rasmussen, Allan Stig"]
[Result "1-0"]
[WhiteElo "2494"]
[BlackElo "2505"]

1. d4 d5 2. c4 dxc4 3. e4 Nf6 4. e5 Nd5 5. Bxc4 Nb6 6. Bd3 Nc6 7. Ne2 Bg4 
8. f3 Be6 9. Nbc3 Bc4 10. Bxc4 Nxc4 11. e6 fxe6 12. O-O g6 13. Qb3 Nb6 14.
 Qxe6 Qd7 15. Qxd7+ Kxd7 16. d5 Nb4 17. Rd1 e6 18. dxe6+ Kxe6 19. Ne4 Be7 
20. Bg5 Rhd8 21. a3 Rxd1+ 22. Rxd1 N4d5 23. Nd4+ Kd7 24. Bxe7 Kxe7 25. Nc5
Rb8 26. Ndb3 Kd6 27. Ne4+ Ke5 28. Re1 Kf5 29. Nd4+ Ke5 30. Nb3 Kf5 31. 
Nbc5 h5 32. h4 a5 33. Kf2 Nf4 34. Rd1 Ne6 35. Nd7 Nxd7 36. Rxd7 Rd8 37. 
Rf7+ Ke5 38. Re7 Kd5 39. Ke3 b5 40. g4 hxg4 41. fxg4 Rh8 42. h5 gxh5 43. 
gxh5 a4 44. Rf7 Ke5 45. Ng3 c6 46. Rf5+ Kd6 47. Ne4+ Ke7 48. Re5 Kd7 49. 
Nc5+ Nxc5 50. Rxc5 Rg8 51. h6 Rg3+ 52. Kf4 Rh3 53. Kg5 Kd6 54. Rf5 Ke6 55.
 Rf6+ Ke7 56. Rxc6 Kf7 57. h7 Kg7 58. h8=Q+ 1-0

[Event "Xtracon DM-klassen"]
[Site "Helsingor"]
[Date "2012.04.02"]
[Round "3"]
[White "Pedersen, Christian Kyndel"]
[Black "Ziska, Helgi Dam"]
[Result "1-0"]
[WhiteElo "2416"]
[BlackElo "2456"]

1. e4 c5 2. Nf3 d6 3. d4 cxd4 4. Nxd4 Nf6 5. Nc3 a6 6. Be3 e6 7. f3 b5 8. 
Qd2 Nbd7 9. g4 Nb6 10. a4 Nc4 11. Bxc4 bxc4 12. a5 Bb7 13. Na4 d5 14. g5 
Nd7 15. O-O-O Qc7 16. exd5 Bxd5 17. Rhe1 Qb7 18. Nf5 Bxf3 19. Nd6+ Bxd6 
20. Qxd6 Bxd1 21. Rxd1 Rc8 22. Nb6 Nxb6 23. axb6 Qe7 24. Bc5 Qxd6 25. Bxd6
f6 26. b7 Kf7 27. bxc8=Q Rxc8 28. gxf6 gxf6 29. Bb4 Rg8 30. Rd7+ Kg6 31. 
Kd2 1-0

[Event "Xtracon DM-klassen"]
[Site "Helsingor"]
[Date "2012.04.03"]
[Round "4"]
[White "Hansen, Sune Berg"]
[Black "Antonsen, Mikkel"]
[Result "1-0"]
[WhiteElo "2572"]
[BlackElo "2457"]

1. d4 Nf6 2. Nf3 d5 3. Bf4 c5 4. e3 Nc6 5. c3 Qb6 6. Qb3 c4 7. Qc2 Bf5 8. 
Qc1 h6 9. Nbd2 e6 10. Be2 Be7 11. Bg3 O-O 12. O-O Qd8 13. Bd1 b5 14. Bc2 
Bxc2 15. Qxc2 Nh5 16. e4 Nxg3 17. hxg3 b4 18. Rfe1 Rb8 19. exd5 exd5 20. 
Qa4 Qb6 21. Nf1 Qb5 22. Qd1 Bd8 23. Ne3 Ba5 24. Rc1 Rfd8 25. Nh4 Kh7 26. 
Qf3 Rb7 27. Ng4 bxc3 28. bxc3 Nxd4 29. cxd4 Bxe1 30. Rxe1 Qb4 31. Rd1 Re7 
32. Ne3 c3 33. Qf5+ g6 34. Qd3 Rc7 35. Rc1 Qb2 36. Rc2 Qa1+ 37. Qf1 Qb2 
38. Nf3 Rb8 39. Ne5 Qb1 40. Nd3 Rc4 41. Qxb1 Rxb1+ 42. Kh2 Rxd4 43. Rxc3 
Ra4 44. Rc7 Rxa2 45. Rxf7+ Kg8 46. Ne5 Raa1 47. g4 Re1 48. Rd7 Ra6 49. Kg3
Re6 50. Nf3 Ra1 51. g5 hxg5 52. Nxg5 Rea6 53. Nxd5 Rb1 54. Kg4 Re1 55. f3 
1-0

[Event "Xtracon DM-klassen"]
[Site "Helsingor"]
[Date "2012.04.03"]
[Round "4"]
[White "Aagaard, Jacob"]
[Black "Kristiansen, Jens"]
[Result "1/2-1/2"]
[WhiteElo "2522"]
[BlackElo "2432"]

1. e4 c5 2. Nf3 Nc6 3. d4 cxd4 4. Nxd4 Nf6 5. Nc3 d6 6. Bg5 e6 7. Qd2 a6 
8. O-O-O Bd7 9. f4 b5 10. Bxf6 gxf6 11. Nxc6 Bxc6 12. Bd3 Qb6 13. Rde1 Be7
14. Qe2 Ra7 15. f5 h5 16. fxe6 fxe6 17. Qf3 Qc5 18. Kb1 a5 19. Qh3 Bd7 20.
 Qg3 b4 21. Nd5 Bc6 22. Qg6+ Kd8 23. Nxe7 Rxe7 24. Qxf6 Qe5 25. Qxe5 dxe5 
26. Rhf1 Rg7 27. Rf2 h4 28. b3 Rhg8 29. Ree2 Ke7 30. Kc1 Rg4 31. Kd2 Rd8 
32. Rf3 Bxe4 33. Rfe3 Bxd3 34. cxd3 Rgd4 35. Rxe5 Rxd3+ 36. Ke1 Rd1+ 37. 
Kf2 Rf8+ 38. Ke3 Rf5 39. Re4 h3 40. gxh3 e5 41. Rg4 Ke6 42. h4 Kd5 43. Rg8
Rc1 44. Rd2+ Ke6 45. Re8+ Kf7 46. Ra8 Rc5 47. Ra7+ Ke6 48. Ra6+ Ke7 49. 
Ra7+ Ke6 50. Ra6+ Ke7 51. Rad6 Rf4 52. Rd7+ Ke8 53. R7d5 Rxd5 54. Rxd5 
Rxh4 55. Rxe5+ Kd7 56. Rxa5 Kc6 57. Re5 Rxh2 58. Kd3 Rxa2 59. Kc4 Rh2 60. 
Re6+ Kd7 61. Re4 Kc6 62. Kxb4 Kb6 63. Re6+ Kb7 64. Ka4 Rh5 65. b4 Rg5 66. 
b5 Rg1 67. Re7+ Kb6 68. Re6+ Kb7 69. Re7+ Kb6 70. Re6+ Kb7 1/2-1/2

[Event "Xtracon DM-klassen"]
[Site "Helsingor"]
[Date "2012.04.03"]
[Round "4"]
[White "Carstensen, Jacob"]
[Black "Pedersen, Christian Kyndel"]
[Result "1/2-1/2"]
[WhiteElo "2314"]
[BlackElo "2416"]

1. d4 Nf6 2. c4 e6 3. Nf3 b6 4. g3 Ba6 5. b3 b5 6. cxb5 Bxb5 7. Bg2 Bc6 8.
 O-O a5 9. Nc3 Bb4 10. Bb2 Qc8 11. d5 Bxc3 12. Bxc3 Bxd5 13. e4 Bb7 14. 
Re1 Qd8 15. Ne5 O-O 16. Nc4 Nc6 17. Qd2 a4 18. b4 d5 19. Bxf6 Qxf6 20. 
exd5 exd5 21. Qxd5 Rab8 22. Qc5 Nxb4 23. Ne5 Bxg2 24. Kxg2 Qf5 25. Re2 c6 
26. Rae1 h6 27. Qc4 Rfd8 28. Re4 a3 29. R1e2 Qe6 30. Qxe6 fxe6 31. Nc4 Kf7
32. Nxa3 c5 33. Nc4 Rd4 34. Ne5+ Kg8 35. a3 Nc2 36. Nc6 Rxe4 37. Rxe4 Ra8 
38. Rc4 Nxa3 39. Rxc5 Kf7 40. Ne5+ Kf6 41. f4 Ra7 42. h4 Rb7 43. Rc8 Kf5 
44. Ra8 Nc2 45. Nc4 Rd7 46. Ra2 Ne1+ 47. Kh3 Nd3 48. Re2 Rd4 49. Ne3+ Kg6 
50. Ng4 h5 51. Ne5+ Kf6 52. Nxd3 Rxd3 53. Re1 g6 1/2-1/2

[Event "Xtracon DM-klassen"]
[Site "Helsingor"]
[Date "2012.04.03"]
[Round "4"]
[White "Ziska, Helgi Dam"]
[Black "Schandorff, Lars"]
[Result "1/2-1/2"]
[WhiteElo "2456"]
[BlackElo "2494"]

1. e4 e5 2. Nf3 Nc6 3. Bc4 Bc5 4. c3 Nf6 5. d3 O-O 6. Nbd2 d5 7. Bb3 Re8 
8. exd5 Nxd5 9. Ne4 Bf8 10. Nfg5 Be6 11. Qf3 Qd7 12. Nxe6 fxe6 13. h4 Rad8
14. h5 Be7 15. Qg4 Rf8 16. Rh3 Rf7 17. Rg3 Kh8 18. Bg5 Rdf8 19. O-O-O b5 
20. Bxe7 Qxe7 21. Ng5 Rxf2 22. Nxe6 Nxc3 23. Nxf8 Qxf8 24. Re1 Nd4 25. 
bxc3 Nxb3+ 26. Kb1 Nd2+ 27. Ka1 Nb3+ 28. Kb1 Nd2+ 29. Ka1 Nb3+ 1/2-1/2

[Event "Xtracon DM-klassen"]
[Site "Helsingor"]
[Date "2012.04.04"]
[Round "5"]
[White "Pedersen, Christian Kyndel"]
[Black "Aagaard, Jacob"]
[Result "1-0"]
[WhiteElo "2416"]
[BlackElo "2522"]

1. e4 c5 2. Nf3 d6 3. d4 cxd4 4. Nxd4 Nf6 5. Nc3 g6 6. Be2 Bg7 7. O-O O-O 
8. Be3 Nc6 9. Qd2 Bd7 10. Rad1 Rc8 11. f3 Re8 12. Nb3 Qc7 13. Nb5 Qb8 14. 
c4 a6 15. N5d4 Ne5 16. Rc1 b5 17. Na5 e6 18. Rfd1 Red8 19. b3 bxc4 20. 
Nxc4 Nxc4 21. Bxc4 e5 22. Nc2 Bb5 23. Bxb5 Qxb5 24. Na3 Qb7 25. Rxc8 Qxc8 
26. Nc4 Qb7 27. Qa5 1-0

[Event "Xtracon DM-klassen"]
[Site "Helsingor"]
[Date "2012.04.04"]
[Round "5"]
[White "Kristiansen, Jens"]
[Black "Hansen, Sune Berg"]
[Result "0-1"]
[WhiteElo "2432"]
[BlackElo "2572"]

1. e4 c5 2. d3 Nc6 3. g3 g6 4. Bg2 Bg7 5. f4 d6 6. Nf3 Nf6 7. O-O O-O 8. 
Nc3 Bg4 9. h3 Bxf3 10. Qxf3 Rb8 11. Ne2 Nd4 12. Nxd4 cxd4 13. Bd2 Qb6 14. 
Rab1 Rbc8 15. Rfc1 Rc7 16. Qf2 Nd7 17. c4 dxc3 18. bxc3 Qxf2+ 19. Kxf2 
Rfc8 20. c4 Nc5 21. Ke2 Bd4 22. h4 Rc6 23. Rc2 Ra6 24. Bc1 Rcc6 25. h5 
Rcb6 26. Rxb6 Rxb6 27. hxg6 hxg6 28. Be3 e5 29. Bc1 Rb1 30. f5 Kg7 31. 
fxg6 fxg6 32. Bh3 a5 33. Bc8 b6 34. Bg4 Na6 35. Bd2 Rg1 36. Kf3 Rf1+ 37. 
Ke2 Rf2+ 38. Kd1 Nc5 39. Be1 Rf1 40. Be2 Rg1 41. Rc1 Be3 42. Rb1 Bf2 43. 
Kd2 Bxg3 0-1

[Event "Xtracon DM-klassen"]
[Site "Helsingor"]
[Date "2012.04.04"]
[Round "5"]
[White "Schandorff, Lars"]
[Black "Carstensen, Jacob"]
[Result "1-0"]
[WhiteElo "2494"]
[BlackElo "2314"]

1. d4 Nf6 2. c4 e6 3. Nc3 c5 4. d5 exd5 5. cxd5 d6 6. e4 g6 7. Nge2 Bg7 8.
 Ng3 O-O 9. Be2 a6 10. a4 h5 11. Bg5 Qc7 12. Qd2 Re8 13. O-O Nbd7 14. f3 
Nh7 15. Bh6 Bh8 16. Nh1 Rb8 17. Nf2 c4 18. Rac1 b5 19. axb5 axb5 20. b4 
Ba6 21. Be3 Nb6 22. Bd4 Bxd4 23. Qxd4 Nf8 24. f4 Ra8 25. g4 Qa7 26. Ra1 
Qb7 27. gxh5 Nbd7 28. Ng4 Re7 29. hxg6 fxg6 30. Ra3 1-0

[Event "Xtracon DM-klassen"]
[Site "Helsingor"]
[Date "2012.04.04"]
[Round "5"]
[White "Antonsen, Mikkel"]
[Black "Pilgaard, Kim"]
[Result "1/2-1/2"]
[WhiteElo "2457"]
[BlackElo "2424"]

1. d4 Nf6 2. c4 g6 3. Nc3 d5 4. Nf3 Bg7 5. Qb3 dxc4 6. Qxc4 O-O 7. e4 Bg4 
8. Be3 Nfd7 9. Rd1 Nc6 10. Qb3 Nb6 11. d5 Ne5 12. Be2 Nxf3+ 13. gxf3 Bh3 
14. Rg1 Qc8 15. Rg3 Bd7 16. a4 Qe8 17. a5 Ba4 18. Nxa4 Qxa4 19. Qxa4 Nxa4 
20. b3 Nc3 21. Rc1 c6 22. dxc6 bxc6 23. Bc4 Rfd8 24. Rg5 Na2 25. Rb1 Nc3 
26. Rc1 Na2 27. Rb1 Nc3 1/2-1/2

[Event "Xtracon DM-klassen"]
[Site "Helsingor"]
[Date "2012.04.04"]
[Round "5"]
[White "Rasmussen, Allan Stig"]
[Black "Ziska, Helgi Dam"]
[Result "1/2-1/2"]
[WhiteElo "2505"]
[BlackElo "2456"]

1. e4 c5 2. Nf3 d6 3. d4 cxd4 4. Nxd4 Nf6 5. Nc3 a6 6. Bg5 e6 7. Qf3 Nbd7 
8. Be2 Qc7 9. a4 b6 10. Qh3 Be7 11. f4 Nc5 12. Bf3 Bb7 13. O-O Ncxe4 14. 
Nxe4 Nxe4 15. Bxe7 Qxe7 16. Bxe4 Bxe4 17. f5 exf5 18. Nxf5 Bxf5 19. Qxf5 
O-O 20. Rad1 Rad8 21. Rd5 Rfe8 22. Rfd1 Qh4 23. Qf2 Qxa4 24. Qxb6 Qxc2 25.
 R5d2 Qa4 26. Rd4 Qa2 27. Rxd6 Rxd6 28. Qxd6 Qxb2 29. Qxa6 h6 30. h3 Qb3 
31. Rf1 Re6 32. Qa8+ Kh7 33. Qa7 f6 34. Qf2 Qe3 35. Qxe3 Rxe3 36. Kh2 h5 
37. h4 Re6 38. Rf4 g5 39. hxg5 fxg5 40. Ra4 h4 41. g3 Re2+ 42. Kh1 h3 43. 
g4 Rg2 44. Ra3 Rxg4 45. Rxh3+ Rh4 1/2-1/2

[Event "Xtracon DM-klassen"]
[Site "Helsingor"]
[Date "2012.04.05"]
[Round "6"]
[White "Aagaard, Jacob"]
[Black "Schandorff, Lars"]
[Result "1/2-1/2"]
[WhiteElo "2522"]
[BlackElo "2494"]

1. e4 e5 2. Nf3 Nc6 3. Bb5 Nf6 4. O-O Nxe4 5. d4 Nd6 6. Bxc6 dxc6 7. dxe5 
Nf5 8. Qxd8+ Kxd8 9. Nc3 Ke8 10. h3 h5 11. Bg5 Be6 12. Rfd1 Be7 13. g3 Rd8
14. Rxd8+ Kxd8 15. Rd1+ Ke8 16. Kg2 1/2-1/2

[Event "Xtracon DM-klassen"]
[Site "Helsingor"]
[Date "2012.04.05"]
[Round "6"]
[White "Hansen, Sune Berg"]
[Black "Pedersen, Christian Kyndel"]
[Result "1/2-1/2"]
[WhiteElo "2572"]
[BlackElo "2416"]

1. d4 Nf6 2. Nf3 e6 3. c4 d5 4. g3 Be7 5. Bg2 O-O 6. O-O dxc4 7. Ne5 Nc6 
8. Nxc6 bxc6 9. Na3 Bxa3 10. bxa3 Nd5 11. Qc2 Ba6 12. Rd1 Qe7 13. e4 Nb6 
14. Qc3 Bb5 15. Qa5 Rfd8 16. Be3 Ba4 17. Rdc1 Qxa3 18. Bf1 Qb2 19. Rab1 
Qxa2 20. Ra1 Qb3 21. Rcb1 Qc2 22. Rc1 Qb3 23. Rcb1 Qc2 24. Rc1 1/2-1/2

[Event "Xtracon DM-klassen"]
[Site "Helsingor"]
[Date "2012.04.05"]
[Round "6"]
[White "Antonsen, Mikkel"]
[Black "Kristiansen, Jens"]
[Result "1/2-1/2"]
[WhiteElo "2457"]
[BlackElo "2432"]

1. d4 f5 2. Bg5 g6 3. h4 Bg7 4. Nc3 Nc6 5. e3 h6 6. Bf4 d6 7. Bb5 a6 8. 
Ba4 Nf6 9. d5 b5 10. Nxb5 axb5 11. Bxb5 Rb8 12. Bxc6+ Bd7 13. Bxd7+ Qxd7 
14. Rb1 Qb5 15. Ne2 Qa5+ 16. Qd2 Qxa2 17. Nc3 Qc4 18. Qd3 Qxd3 19. cxd3 
Nh5 20. Kd2 Nxf4 21. exf4 Rb4 22. g3 h5 23. Kc2 Kd7 24. Ra1 Rhb8 1/2-1/2

[Event "Xtracon DM-klassen"]
[Site "Helsingor"]
[Date "2012.04.05"]
[Round "6"]
[White "Pilgaard, Kim"]
[Black "Ziska, Helgi Dam"]
[Result "1/2-1/2"]
[WhiteElo "2424"]
[BlackElo "2456"]

1. e4 c5 2. Nf3 d6 3. Nc3 Nf6 4. d4 cxd4 5. Qxd4 a6 6. e5 Nc6 7. Qf4 dxe5 
8. Nxe5 Nxe5 9. Qxe5 Bd7 10. Bd3 Bc6 11. O-O e6 12. Bf4 Nd5 13. Be4 Nxf4 
14. Bxc6+ bxc6 15. Qxf4 Bd6 16. Qc4 Qc7 17. h3 O-O 18. Rad1 Rfd8 19. Rd3 
Bh2+ 20. Kh1 Rxd3 21. Qxd3 Be5 22. Rd1 h6 23. Qc4 Qb6 24. f4 Bf6 25. b3 
Rd8 26. Rxd8+ 1/2-1/2

[Event "Xtracon DM-klassen"]
[Site "Helsingor"]
[Date "2012.04.05"]
[Round "6"]
[White "Carstensen, Jacob"]
[Black "Rasmussen, Allan Stig"]
[Result "0-1"]
[WhiteElo "2314"]
[BlackElo "2505"]

1. d4 Nf6 2. c4 e6 3. Nc3 Bb4 4. Qc2 c5 5. dxc5 Nc6 6. Nf3 O-O 7. a3 Bxc5 
8. e3 b6 9. Bd3 Bb7 10. b4 Be7 11. Bb2 Rc8 12. O-O a5 13. b5 Nb8 14. Rfd1 
d6 15. e4 Nbd7 16. Na4 Qc7 17. Qe2 Bxe4 18. Bxe4 Qxc4 19. Qxc4 Rxc4 20. 
Bxf6 Bxf6 21. Bc6 Bxa1 22. Rxa1 Rxa4 23. Bxd7 Rd8 24. Bc6 f6 25. Kf1 Kf7 
26. Nd2 d5 27. Ke2 e5 28. Rd1 Ke6 29. f3 f5 30. Nb1 Rc4 31. Kd2 e4 32. Re1
Ke5 33. Nc3 g5 34. g3 Rd6 35. Re2 d4 36. Nxe4 fxe4 37. Bxe4 d3 38. Bxd3+ 
Kf6 39. Re3 Ra4 40. h4 gxh4 41. gxh4 Rxa3 0-1

[Event "Xtracon DM-klassen"]
[Site "Helsingor"]
[Date "2012.04.06"]
[Round "7"]
[White "Pedersen, Christian Kyndel"]
[Black "Antonsen, Mikkel"]
[Result "0-1"]
[WhiteElo "2416"]
[BlackElo "2457"]

1. e4 e5 2. Nf3 Nc6 3. Bb5 Nf6 4. O-O Nxe4 5. d4 Nd6 6. Bxc6 dxc6 7. dxe5 
Nf5 8. Qxd8+ Kxd8 9. Nc3 Ke8 10. h3 h5 11. Ne2 Be7 12. Bg5 Be6 13. Nf4 Bd5
14. Bxe7 Kxe7 15. Ng5 Nd4 16. Rad1 Ne6 17. Ngxe6 Bxe6 18. Rd4 Bf5 19. Rfd1
g5 20. Ne2 c5 21. Rc4 b6 22. b4 Be6 23. Rc3 Rhd8 24. Rxd8 Rxd8 25. bxc5 b5
26. a3 Rd1+ 27. Kh2 h4 28. Re3 Rd2 29. c3 Bc4 30. Nd4 Rxf2 31. Rf3 Ra2 32.
 Rf6 Bd5 33. Nf5+ Ke8 34. Ne3 Be4 35. Kg1 Re2 36. Ng4 Bxg2 37. Rf5 Bxh3 
38. Nf6+ Ke7 39. Rxg5 Be6 40. c6 Bc4 41. Rh5 h3 42. Rxh3 Rxe5 43. Nd7 Re2 
44. Rh8 Ra2 45. Ne5 Be6 46. Rb8 a6 47. Nd3 Rxa3 48. Nb4 Rxc3 49. Ra8 Rc4 
50. Nxa6 Rxc6 51. Kf2 Rc4 52. Rb8 Bd7 53. Ke3 f5 54. Rb7 f4+ 55. Kd3 Kd6 
56. Rb8 Ra4 0-1